Výpočetní technika v údržbě : Část 2 závěřečné zprávy úkolu: využití výpočetní techniky v udržbě v čs.hutních podnicích /

Na minha lista:
Detalhes bibliográficos
Autor principal: Vašíček, Oldřich (ZRE)
Formato: Livro
Idioma:tcheco
Publicado em: Praha : TVÚHP, 1975
Assuntos:
Tags: Adicionar Tag
Sem tags, seja o primeiro a adicionar uma tag!

MARC

LEADER 00000nam a22000003a 4500
001 stu44210
005 20150617225718.9
008 950202s1975----cs------------------cze-d
040 |a STU  |b slo 
041 0 |a cze 
044 |a cs 
080 |a 681.31 
080 |a 669 
100 1 |a Vašíček, Oldřich  |4 ZRE 
245 1 |a Výpočetní technika v údržbě :  |b Část 2 závěřečné zprávy úkolu: využití výpočetní techniky v udržbě v čs.hutních podnicích /  |c Sprac. O. Vašíček 
260 |a Praha :  |b TVÚHP,  |c 1975 
300 |a 273 s 
650 7 |a Technika výpočtová  |2 stusub 
650 7 |a hutníctvo  |2 stusub 
996 |b 284M011980  |c M*5962/2-1  |l MMKN  |s A  |a 24  |w stu44210_0001